000 00242 a2200097 4500
020 _a9789365692792
100 _aM. Mukundan, Gita Krishnankutty tr.
245 _aOn the banks of the Mayyazhi
260 _bHarper Perennial
_c2025
942 _cOO
999 _c115220
_d115219